| 000 | 00739pam a2200229 a 4500 | ||
|---|---|---|---|
| 020 | _a0070380104 (TBD) | ||
| 082 | 0 | 0 |
_a627 _bLIN _cL-22, P-55 |
| 100 |
_aRay K _943901 |
||
| 110 |
_aRay k _943902 |
||
| 245 | 0 | 0 |
_aWater resources engineering / _cRay K. Linsley ... [et al.]. |
| 250 | _a4th ed. | ||
| 260 |
_aNew York : _bMcGraw-Hill, _cc1992. |
||
| 300 |
_axvi, 841 p. : _bill. ; _c25 cm. |
||
| 526 |
_a0 _b0 _c0 _d627_000000000000000_LIN |
||
| 650 | 0 |
_aHydraulic engineering. _93526 |
|
| 650 | 0 |
_aMCE _9379 |
|
| 700 | 1 |
_aLinsley, Ray K. _92147 |
|
| 700 | 1 |
_aLinsley, Ray K. _92147 |
|
| 856 | 4 | 1 | _uhttp://www.loc.gov/catdir/toc/mh021/91040707.html |
| 856 | 4 | 2 | _uhttp://www.loc.gov/catdir/description/mh022/91040707.html |
| 942 |
_2ddc _cBK |
||
| 999 |
_c547777 _d547777 |
||